Kyberšikana na pracovisku
V súčasnosti čoraz viac narastá šikanovanie na pracovisku. Čo je kyberšikana a ako sa uskutočňuje. Rozdiely medzi klasickou šikanou a kyberšikanou.
Salvato in:
| Autore principale: | |
|---|---|
| Natura: | Capitolo di libro |
| Lingua: | slovacco |
| Soggetti: | |
| Tags: |
Nessun Tag, puoi essere il primo ad aggiungerne!!
|
MARC
| LEADER | 00000naa a2200000 4500 | ||
|---|---|---|---|
| 001 | 0235609 | ||
| 005 | 20241024131553.3 | ||
| 041 | 0 | |a slo | |
| 044 | |a SK | ||
| 245 | 1 | 0 | |a Kyberšikana na pracovisku |c Lucia Petríková |
| 520 | |a V súčasnosti čoraz viac narastá šikanovanie na pracovisku. Čo je kyberšikana a ako sa uskutočňuje. Rozdiely medzi klasickou šikanou a kyberšikanou. | ||
| 610 | 2 | 0 | |a podnik |
| 610 | 2 | 0 | |a šikanovanie |
| 610 | 2 | 0 | |a počítače |
| 610 | 2 | 0 | |a kyberšikana |
| 100 | 1 | |a Petríková, Lucia | |